|
|
|
|
| LEADER |
02950nam a2200601 4500 |
| 001 |
ocn910009721 |
| 003 |
OCoLC |
| 005 |
20170124071743.1 |
| 006 |
m o d |
| 007 |
cr ||||||||||| |
| 008 |
150521s2015 nju o 001 0 eng |
| 010 |
|
|
|a 2015020417
|
| 040 |
|
|
|a DLC
|b eng
|e rda
|c DLC
|d N$T
|d YDXCP
|d OCLCF
|d IDEBK
|d DG1
|d CDX
|d COO
|d RECBK
|d KSU
|d DG1
|d YDX
|d GrThAP
|
| 019 |
|
|
|a 937839280
|a 965492956
|a 965745495
|
| 020 |
|
|
|a 9781119057130 (ePub)
|
| 020 |
|
|
|a 1119057132 (ePub)
|
| 020 |
|
|
|a 9781119057123 (Adobe PDF)
|
| 020 |
|
|
|a 1119057124 (Adobe PDF)
|
| 020 |
|
|
|z 9781119057086 (coth)
|
| 020 |
|
|
|a 9781119057338
|
| 020 |
|
|
|a 1119057337
|
| 020 |
|
|
|a 1119057086 (coth)
|
| 020 |
|
|
|a 9781119057086 (coth)
|
| 028 |
0 |
1 |
|a EB00633955
|b Recorded Books
|
| 029 |
1 |
|
|a GBVCP
|b 838919111
|
| 035 |
|
|
|a (OCoLC)910009721
|z (OCoLC)937839280
|z (OCoLC)965492956
|z (OCoLC)965745495
|
| 042 |
|
|
|a pcc
|
| 050 |
0 |
0 |
|a QD382.P64
|
| 072 |
|
7 |
|a SCI
|x 013050
|2 bisacsh
|
| 082 |
0 |
0 |
|a 541/.372
|2 23
|
| 049 |
|
|
|a MAIN
|
| 100 |
1 |
|
|a Nagasawa, Mitsuru,
|d 1923-
|
| 245 |
1 |
0 |
|a Physical chemistry of polyelectrolyte solutions /
|c Mitsuru Nagasawa.
|
| 264 |
|
1 |
|a Hoboken, New Jersey :
|b John Wiley & Sons, Inc.,
|c [2015]
|
| 300 |
|
|
|a 1 online resource.
|
| 336 |
|
|
|a text
|2 rdacontent
|
| 337 |
|
|
|a computer
|2 rdamedia
|
| 338 |
|
|
|a online resource
|2 rdacarrier
|
| 490 |
0 |
|
|a Advances in chemical physics ;
|v volume 158
|
| 500 |
|
|
|a Includes index.
|
| 588 |
|
|
|a Description based on print version record and CIP data provided by publisher.
|
| 520 |
|
|
|a The Advances in Chemical Physics series provides the chemical physics field with a forum for critical, authoritative evaluations of advances in every area of the discipline. This volume explores topics from Thermodynamic Properties of Polyelectrolyte Solutions to ion-binding of polyelectrolytes. The book features: -The only series of volumes available that presents the cutting edge of research in chemical physics -Contributions from experts in this field of research -Representative cross-section of research that questions established thinking on chemical solutions -An editorial framework that makes the book an excellent supplement to an advanced graduate class in physical chemistry or chemical physics.
|
| 650 |
|
0 |
|a Polyelectrolytes.
|
| 650 |
|
0 |
|a Electrolytes.
|
| 650 |
|
0 |
|a Electrolyte solutions.
|
| 650 |
|
7 |
|a SCIENCE / Chemistry / Physical & Theoretical
|2 bisacsh
|
| 650 |
|
7 |
|a Electrolyte solutions.
|2 fast
|0 (OCoLC)fst00906485
|
| 650 |
|
7 |
|a Electrolytes.
|2 fast
|0 (OCoLC)fst00906489
|
| 650 |
|
7 |
|a Polyelectrolytes.
|2 fast
|0 (OCoLC)fst01070414
|
| 655 |
|
4 |
|a Electronic books.
|
| 776 |
0 |
8 |
|i Print version:
|a Nagasawa, Mitsuru, 1923-
|t Physical chemistry of polyelectrolyte solutions
|d Hoboken, New Jersey : John Wiley & Sons, Inc., [2015]
|z 9781119057086
|w (DLC) 2015019349
|
| 856 |
4 |
0 |
|u https://doi.org/10.1002/9781119057338
|z Full Text via HEAL-Link
|
| 994 |
|
|
|a 92
|b DG1
|